|
|
|
|
| LEADER |
00964nam a22002892a 4500 |
| 001 |
000969876 |
| 003 |
CZ BrMZK |
| 005 |
20100317142213.0 |
| 007 |
ta |
| 008 |
091008s1962 xr er|||||||||||cze d |
| 015 |
|
|
|a cnb000613302
|
| 035 |
|
|
|a (OCoLC)85468729
|
| 040 |
|
|
|a ABA001
|b cze
|c LIA001
|d ABA001
|d BOA001
|
| 041 |
0 |
|
|a cze
|a rus
|
| 080 |
9 |
|
|a 482(075)
|
| 080 |
9 |
|
|a 413.164:63=82=85
|
| 100 |
1 |
|
|a Brand, Vladimír
|7 jx20040607002
|4 aut
|
| 245 |
1 |
0 |
|a Zemědělství :
|b pomůcka pro účastníky Lidových kursů ruštiny a další zájemce /
|c zpracoval Vladimír Brand
|
| 250 |
|
|
|a 3. vyd.
|
| 260 |
|
|
|a Praha :
|b Svět sovětů,
|c 1962
|e (Brno :
|f Tisk 11)
|
| 300 |
|
|
|a 109, [3] s. ;
|c 8°
|
| 490 |
1 |
|
|a Ruská odborná terminologie ;
|v sv. 2
|
| 830 |
|
0 |
|a Ruská odborná terminologie
|
| 910 |
|
|
|a BOA001
|b 1-0448.383-62
|
| 990 |
|
|
|a BK
|
| 991 |
|
|
|b 200910
|
| 996 |
6 |
|
|b 2619432721
|c 1-0448.383-62
|l MZK
|r Sklad / do 1 hodiny
|n 0
|w 000969876
|u 000010
|a 1
|e BOA001
|j MZK50
|s P
|